| 000 | 00596nam a2200181 i 4500 | ||
|---|---|---|---|
| 001 | 134996 | ||
| 003 | ES-MaACL | ||
| 005 | 20230906194803.0 | ||
| 007 | t| | ||
| 008 | 070705s1955 sp ||||1| spa d | ||
| 080 | _a351.713:336.215(87) | ||
| 100 | 1 |
_aTinoco, Pedro R. _9110310 |
|
| 245 | 1 | 0 |
_aComentarios a la ley de impuesto sobre la renta de Venzuela / _cPedro Tinoco (hijo). |
| 260 |
_aMadrid : _b[s.n.], _c1955 ( _eGráfs. Halar) |
||
| 300 |
_a2 t. ; _c21 cm. |
||
| 650 | 1 | 4 |
_aImpuesto sobre la renta de las personas físicas- _zVenezuela. _913629 |
| 852 |
_aES-MaACL _jC-10319-20 _bR.38355 |
||
| 999 |
_c134996 _d134996 |
||